000
00286nam a2200097Ia 4500
008
200302s9999 xx 000 0 und d
100
_a
Yu-Tung Liu
245
_a
Defining Digital Architecture -- 2001 Feidad Award
260
_b
Publishers for Architecture Basel Boston, Berlin
300
_a
220
999
_c
4632
_d
4632